Islands by Satellite Image #24 - Statistics

General Stats
  • This quiz has been taken 30 times
  • The average score is 2 of 16
Answer Stats
Picture Answer % Correct
Auckland Island
63%
Lana'i
63%
Big Diomede Island
38%
Aldabra (Grand Terre)
13%
Grímsey
13%
Hinnøya
13%
Île de la Possession
13%
Vieques
13%
Büyükada
0%
Great Nicobar Island
0%
Hvar
0%
Kolguyev Island
0%
Koror Island
0%
Milos
0%
Prince Edward Island
0%
Yakushima
0%
No matching quizzes found
Score Distribution
Percent of People with Each Score
Percentile by Number Answered
Your Score History
You have not taken this quiz